Stati che confinano con il Mozambico - Statistics

Statistiche generali
  • Questo quiz è stato fatto 18 volte
  • Il punteggio medio è 5 su 6
Statistiche sulle risposte
Superficie (km²) Popolazione (ab.) Lunghezza confine (km) Stato % Corretto
945 090 64 044 690 840 Tanzania
100%
1 219 090 60 603 862 496 Sudafrica
92%
390 757 15 993 524 1 402 Zimbabwe
92%
17 363 1 160 164 105 eSwatini
85%
118 480 20 221 138 1 498 Malawi
85%
752 614 19 470 234 439 Zambia
85%
Nessun quiz corrispondente trovato
Distribuzione punteggi
Percentuale di utenti per punteggio
Percentile per numero di risposta
I tuoi punteggi nel tempo
Non hai fatto questo quiz